Biggest Cities in Modern-Day Soviet Union with an Exception - Statistics

General Stats
  • This quiz has been taken 1,094 times
  • The average score is 14 of 20
Answer Stats
Population City % Correct
2.95m Kyiv
99%
2.01m Minsk
94%
620k Riga
92%
1.23m Baku
88%
1.18m Astana
87%
2.86m Tashkent
87%
1.15m Tbilisi
85%
1.09m Yerevan
84%
1.01m Odessa
83%
1.42m Kharkiv
80%
1.06m Bishkek
77%
1.97m Almaty
76%
901k Donetsk
75%
717k Lviv
74%
827k Ashgabat
73%
863k Dushanbe
73%
968k Dnipropetrovsk
59%
710k Zaporizhia
30%
1.07m Shymkent
16%
661k Namangan
6%
No matching quizzes found
Score Distribution
Percent of People with Each Score
Percentile by Number Answered
Your Score History
You have not taken this quiz